000 00696nam a2200277Ia 4500
005 20260324112003.0
008 008 260324s9999 xx 000 0 eng d
020 _a9781003316121
037 _aEBOOK
040 _aCRL
040 _beng
040 _cCRL
041 _2eng
041 _aeng
084 _qCRL
100 _aRuth Rentschler; Wendy Reid; Chiara Carolina Donelli
_91140835
245 4 _aThe Routledge Companion to Governance in the Arts World
260 _bTaylor and Francis
260 _c2025
365 _a
365 _b360
856 _uhttp://www.taylorfrancis.com/books/9781003316121
942 _cEBOOK
999 _c1729854
_d1729854